logo

Bir Sreshtho Munshi Abdur Rouf Library
Jhenaidah Cadet College

রাষ্ট্র ভাষা থেকে স্বাধীনতা যুদ্ধ এবং তারপর / (Record no. 9546)

MARC details
000 -LEADER
fixed length control field 00714nam a2200217 4500
001 - CONTROL NUMBER
JCCL Control Number 9546
003 - CONTROL NUMBER IDENTIFIER
JCCL marc code BD-JhCC
005 - DATE AND TIME OF LATEST TRANSACTION
control field 20180319122203.0
008 - FIXED-LENGTH DATA ELEMENTS--GENERAL INFORMATION
fixed length control field 180319b1986 bg ||||| |||| 00| 0 ben d
035 ## - SYSTEM CONTROL NUMBER
system control number (BD-JhCC)9546
040 ## - CATALOGING SOURCE
Original cataloging agency BD-JhCC
Modifying agency BD-JhCC
041 ## - LANGUAGE CODE
Language code of Book ben
082 ## - DEWEY DECIMAL CLASSIFICATION NUMBER
Classification number 320.014
Author mark and Year DAH 1986
100 ## - MAIN ENTRY--PERSONAL NAME
Personal name দাহার, সইফ-উদ-
245 ## - TITLE STATEMENT
Title রাষ্ট্র ভাষা থেকে স্বাধীনতা যুদ্ধ এবং তারপর /
Statement of responsibility, etc সইফ-উদ-দাহার
260 ## - PUBLICATION, DISTRIBUTION, ETC. (IMPRINT)
Place of publication, distribution, etc ঢাকা :
Name of publisher, distributor, etc নওরোজ কিতাবিস্তান
Date of publication, distribution, etc 1986.
300 ## - PHYSICAL DESCRIPTION
Pagination 123 p. :
Dimensions 21 cm.
650 ## - SUBJECT ADDED ENTRY--TOPICAL TERM
Topical term or geographic name as entry element Languages movement
942 ## - ADDED ENTRY ELEMENTS (KOHA)
Source of classification or shelving scheme Dewey Decimal Classification
Koha item type Books
Holdings
Source of classification or shelving scheme Damaged status Not for loan Home library Current library Shelving location Date of accession Cost, normal purchase price Total Checkouts Full call number Barcode Date last seen Copy number Koha item type
Dewey Decimal Classification     JCC Rouf Library JCC Rouf Library General Stacks 03/19/2018 25.00   320.014 DAH 1986 12580 03/19/2018 C-1 Books

JCC Library | Contacts | JCC Home

Last Update on 23 September 2017
Copyright @ 2017-2020 JCC Rouf Library
Rouf Library, Jhenidah Cadet College (JCC), Bangladesh